000 00672cam a22002533a 4500
001 33175
003 PGUSA
005 20140828083722.0
008 100715s2010||||xxu|||||s|||||000 | eng d
040 _aPGUSA
_beng
042 _adc
050 4 _aPN
100 1 _aCorson, Hiram,
_d1828-1911
245 1 4 _aThe Voice and Spiritual Education
_h[electronic resource] /
_cHiram Corson
260 _bProject Gutenberg,
_c2010
506 _aPublic domain in the USA.
516 _aElectronic text
653 _aVoice
653 _aReading
653 _aElocution
830 0 _aProject Gutenberg
_v33175
856 4 0 _uhttp://www.gutenberg.org/ebooks/33175
942 _cEB
999 _c262430
_d262430